Central Library OPAC University of Rajshahi

Gipsy Moth circles the world / (Record no. 18563)

MARC details
000 -LEADER
fixed length control field 00764cam a2200253 4500
001 - CONTROL NUMBER
control field 18563
003 - CONTROL NUMBER IDENTIFIER
rucl marc code BD-RjUL
005 - DATE AND TIME OF LATEST TRANSACTION
control field 20211209000314.0
008 - FIXED-LENGTH DATA ELEMENTS--GENERAL INFORMATION
fixed length control field 140220s1967 nyuah 000 0 eng
035 ## - SYSTEM CONTROL NUMBER
System control number (BD-RjUL)18621
040 ## - CATALOGING SOURCE
Original cataloging agency DLC
Transcribing agency DLC
Modifying agency DLC
-- OCoLC
-- BD-RjUL
Language of cataloging eng
041 ## - LANGUAGE CODE
Language code of text/sound track or separate title eng
082 00 - DEWEY DECIMAL CLASSIFICATION NUMBER
Classification number 910.41
Author mark and year CHG
100 1# - MAIN ENTRY--PERSONAL NAME
Personal name Chichester, Francis,
Dates associated with a name 1901-1972.
9 (RLIN) 57186
245 10 - TITLE STATEMENT
Title Gipsy Moth circles the world /
Statement of responsibility, etc. Sir Francis Chichester.
250 ## - EDITION STATEMENT
Edition statement [1st American ed.]
260 ## - PUBLICATION, DISTRIBUTION, ETC. (IMPRINT)
Place of publication, distribution, etc. New York :
Name of publisher, distributor, etc. Coward-McCann,
Date of publication, distribution, etc. c1967.
300 ## - PHYSICAL DESCRIPTION
Pagination xvi, 269 p. :
Illustrations illus., facsims. ;
Size 23 cm.
610 20 - SUBJECT ADDED ENTRY--CORPORATE NAME
Corporate name or jurisdiction name as entry element Gipsy Moth IV (Yacht)
650 #0 - SUBJECT ADDED ENTRY--TOPICAL TERM
Topical term or geographic name as entry element Voyages around the world.
9 (RLIN) 22218
942 ## - ADDED ENTRY ELEMENTS (KOHA)
Source of classification or shelving scheme Dewey Decimal Classification
Koha item type Books
Holdings
Lost status Source of classification or shelving scheme Damaged status Not for loan Collection code Permanent Location Current Location Shelving location Date acquired Source of acquisition Cost, normal purchase price Total Checkouts Full call number Date last seen Copy number Koha item type
  Dewey Decimal Classification   Not For Loan Non-fiction Central Library, University of Rajshahi Central Library, University of Rajshahi Reading Room 31/03/1987 Book of the month club U.S.A. 0.00   910.41 CHG 1967 20/02/2014 C-1 Books